ARRUPE JESUIT UNIVERSITY

CORONAVIRUS -STOP THE SPREAD - CLEAN,DISINFECT,COVER

Trabelin' On (Record no. 2752)

MARC details
000 -LEADER
fixed length control field 00596nam a2200217Ia 4500
003 - CONTROL NUMBER IDENTIFIER
control field 0100
008 - FIXED-LENGTH DATA ELEMENTS--GENERAL INFORMATION
fixed length control field 130227s9999 xx 000 0 und d
040 ## - CATALOGING SOURCE
Transcribing agency ARRUPELIB
050 ## - LIBRARY OF CONGRESS CALL NUMBER
Classification number BR563.N4S64 1988
100 ## - MAIN ENTRY--PERSONAL NAME
Personal name Sobel, Mechal
245 ## - TITLE STATEMENT
Title Trabelin' On
260 ## - PUBLICATION, DISTRIBUTION, ETC. (IMPRINT)
Place of publication, distribution, etc Princeton
260 ## - PUBLICATION, DISTRIBUTION, ETC. (IMPRINT)
Name of publisher, distributor, etc Princeton University Press
260 ## - PUBLICATION, DISTRIBUTION, ETC. (IMPRINT)
-- 1988
300 ## - PHYSICAL DESCRIPTION
Extent xxv
300 ## - PHYSICAL DESCRIPTION
Other physical details 317p. 24cm.
650 ## - SUBJECT ADDED ENTRY--TOPICAL TERM
Topical term following geographic name as entry element Bible - Criticism, interpretation, etc - History - 20th century
650 ## - SUBJECT ADDED ENTRY--TOPICAL TERM
Location of event Jesus Christ - History of doctrines - 20th century
650 ## - SUBJECT ADDED ENTRY--TOPICAL TERM
Active dates Teilhard de Chardin, Pierre
942 ## - ADDED ENTRY ELEMENTS (KOHA)
Source of classification or shelving scheme Library of Congress Classification
Koha issues (borrowed), all copies 1
Holdings
Withdrawn status Lost status Source of classification or shelving scheme Damaged status Not for loan Collection code Home library Current library Shelving location Date acquired Total Checkouts Full call number Barcode Date last seen Date last borrowed Copy number Price effective from Koha item type
    Library of Congress Classification     Main Collection ARRUPE LIBRARY ARRUPE LIBRARY   27/02/2013 1 BR563.N4S64 1988 46403733 15/11/2016 05/06/2015 1 27/02/2013 Monograph ( Printed materials)

 

Arrupe Library. PO Box MP320 Mt Pleasant, Harare, Zimbabwe
263 242 745411|librarian@aju.ac.zw